000
00328nam a2200133Ia 4500
008
240624s9999 xx 000 0 und d
041
_a
eng
082
_a
121 AUD
100
_a
AUDI ROBERT
245
_a
EPISTEMOLOGY A CONTEMPORARY INTRODUCTION
260
_c
2010
_a
New York
_b
Routledge
300
_a
432 : p.
365
_c
BPS
_b
28
999
_c
21430
_d
21430